Movies of 2002 Quiz Stats

 Plays Quiz Updated Nov 26, 2018

     
Support Sporcle.
Go Orange.
Score 0/16 Timer 06:00
1 Play Today
Picture Movie % Correct
1Ice Age
95.9%
2Catch Me If You Can
84.3%
138 Mile
70.9%
6Signs
64.8%
3The Ring
63.7%
14Gangs of New York
62.8%
15The Pianist
62.3%
9Chicago
61.2%
Picture Movie % Correct
8Spider-Man
58.9%
16Minority Report
56.9%
11The Bourne Identity
56.4%
4Jackass: The Movie
54.1%
1028 Days Later...
44.6%
12The Transporter
39.9%
5Adaptation.
27.8%
7City of God
21.5%

From the Vault

Add an 'A'

by XCBoss

Here's a hint: It's that one letter that looks like a badly drawn triangle.
Remove Ads.
Support Sporcle.
Get the best of Sporcle when you Go Orange. This ad-free experience offers more features, more stats, and more fun while also helping to support Sporcle. Thank you for becoming a member.

Show Comments

Extras

Top Quizzes Today


Score Distribution

Your Account Isn't Verified!

In order to create a playlist on Sporcle, you need to verify the email address you used during registration. Go to your Sporcle Settings to finish the process.

Report this User

Report this user for behavior that violates our Community Guidelines.

Details: